| 000 | 00853nam a2200253Ia 4500 | ||
|---|---|---|---|
| 003 | OSt | ||
| 005 | 20220918171959.0 | ||
| 006 | a|||||r|||| 00| 0 | ||
| 007 | ta | ||
| 008 | 220917b |||||||| |||| 00| 0 eng d | ||
| 020 |
_a9788193945087 (hbk) _cINR 1895.00 |
||
| 024 | _a354,239 | ||
| 037 |
_b117, 28/12/2021, Eastern Book Linkers _cTextual |
||
| 040 |
_aARTS _cARTS _beng |
||
| 041 |
_2eng _aeng |
||
| 082 | _aY74478:3(Q4), R0 | ||
| 100 |
_aMantche Chow Chandra Au. _939676 |
||
| 245 | 0 |
_aHistory and culture of the tai-khamtis _b a theravada buddhist community of North East India |
|
| 260 |
_aNew Delhi _bAayu Publications India _c2020 |
||
| 300 |
_a214p. _ccm. |
||
| 650 | _aSOCIOLOGY | ||
| 942 |
_hY74478:3(Q4), R0 _cTEXL _2CC |
||
| 999 |
_c142138 _d142138 |
||